000 01001aab a2200193 i 4500
001 768714001
003 CO-MdFUSB
005 20240422095102.0
008 240416t1983 ag ||||| |||| 00| 0 spa d
040 _bspa
_cCO-MdFUSB
041 _aspa
100 1 _aPadilla, C. René
_eautor
245 _a¿Un nuevo Gustavo Gutiérrez?
_c/ C. René Padilla
300 _aVolumen 2, número 2, (abril - junio, 1983), página: 21
_c; 27 cm
520 _aEste artículo muestra el punto de vista de Gustavo Gutiérrez, quien publicó Teología de la liberación - perspectivas. Hace una década, Gutiérrez consideraba la teología como una práctica más que permite la reflexión crítica de los teólogos. Hoy, Gutiérrez todavía lo considera como un "segundo acto", pero vinculado al pensamiento y ritual del Dios de las Escrituras.
650 7 _aTeología pastoral
_9227
773 0 _tIglesia y Misión
_049402
_959626
_gVolumen 2, número 2, (abril - junio, 1983), página: 21
_qpágina: 21
942 _cANA
999 _c51370
_d51370